00824nam a2200241 a 4500001001300000003000900013005001700022008004100039020002300080082002100103100001600124245012300140260003800263300000900301500003500310505002400345650002600369700001600395902000800411942000700419952013900426999001700565nice12345678IN_TiNIC20260116015412.0050524s1999 newa grp 000 0 eng  a9780283992575c29500a909.0491411bBAS aBasham, A L aWonder That Was Indiab A Survey of the History & Culture of the Indian Sub-Continent Before the Coming of the Muslims aNew Delhi bRupa & Company c1999 a568p aincludes index and biblioraphy2 aBibliography, Index aIndia-Ancient History1 aBasham, A L bSRS cBK 001040708StackRoom-aHMIbHMId2013-05-24g295.00l6m2o909.0491411 BASp11002398r2023-10-13s2023-10-12v295.00w2005-05-24yBK c19555d19555